El desarrollo de la economía socialista /

Detalles Bibliográficos
Autor principal: Kalecki, Michal
Formato: Libro
Publicado: México : Fondo de cultura económica, 1968.
Materias:
Etiquetas: Agregar Etiqueta
Sin Etiquetas, Sea el primero en etiquetar este registro!

MARC

LEADER 00000nam a22000004a 4500
001 AR-BbUGT1662
003 AR-BbUGT
005 20181220001555.0
007 ta
008 061101t1968 ||| |0|||0| d
040 |a AR-BbUGT  |b spa  |c AR-BbUGT 
082 0 4 |a 335 
100 1 |a Kalecki, Michal. 
245 1 3 |a El desarrollo de la economía socialista /   |c Michal Kalecki. 
260 |a México :   |b Fondo de cultura económica,   |c 1968. 
300 |a 121 p. 
653 |a Economia 
653 |a Socialismo 
942 |c BK  |h 335  |i K124  |m D  |2 ddc  |6 335_000000000000000_K124 
999 |c 9421  |d 9421